Multiple Choice City Quiz – Baghdad - Statistics

General Stats
  • This quiz has been taken 10,014 times
    10,006 since last reset
  • The average score is 7 of 10
Answer Stats
Question Answer % Correct
What ancient city was located about 80 km south of Baghdad? Babylon
94%
Whose statue in Firdos Square was toppled in 2003? Saddam Hussein
92%
On which river is Baghdad situated? Tigris
92%
Which of these literary works takes place partly in Baghdad? One Thousand and One Nights
80%
What organization was once led by Abu Bakr al-Baghdadi? ISIS
77%
Who sacked Baghdad in 1258 AD, ending the Islamic Golden Age? Mongols
68%
What is the nickname of Baghdad's International Zone which was established by the U.S. in 2003? The Green Zone
65%
What was the name of Baghdad's former library where ancient Greek and Persian texts were translated into Arabic? House of Wisdom
60%
Baghdad was founded in AD 762 to serve as the capital of what caliphate? Abbasid
36%
What shape was the original design of central Baghdad? A circle
29%
No matching quizzes found
Score Distribution
Percent of People with Each Score
Percentile by Number Answered
Your Score History
You have not taken this quiz since the last reset